Les 14 sommets de plus de 8 000m - Statistiques

Statistiques générales
  • Ce quiz a été pris 61 fois
  • Le résultat moyen est 6 sur 14
Statistiques - réponses
Hauteur (m) Sommet % Correct
8 848 Everest
100%
8 611 K2
91%
8 091 Annapurna
71%
8 126 Nanga Parbat
42%
8 485 Makalu
38%
8 047 Broad Peak
36%
8 163 Manaslu
36%
8 201 Cho Oyu
33%
8 027 Shishapangma
33%
8 586 Kangchenjunga
27%
8 080 Gasherbrum I
24%
8 035 Gasherbrum II
24%
8 167 Dhaulagiri
20%
8 516 Lhoste
20%
Aucun quiz correspondant
Distribution des résultats
% des personnes avec chaque résultat
Percentile par nombre de réponses
Votre historique - résultats
Vous n’avez pas pris ce quiz